Environmental Economics and Ecosystem Services

Salvato in:
Dettagli Bibliografici
Autore principale: Bluffstone, Randall
Natura: Libro
Lingua:inglese
Pubblicazione: Abingdon Routledge 2025
Edizione:1st Edition
Soggetti:
Tags: Aggiungi Tag
Nessun Tag, puoi essere il primo ad aggiungerne!!

MARC

LEADER 00000nam a2200000 4500
001 0312611
005 20251022104128.9
020 |a 9781003308225 
041 0 |a eng 
044 |a GB 
245 1 0 |a Environmental Economics and Ecosystem Services  |c Randall Bluffstone 
250 |a 1st Edition 
264 1 |a Abingdon  |b Routledge  |c 2025 
300 |a 434 s. 
500 |a Taylor and Francis e-books. 
610 2 0 |a ekonomika environmentálna 
610 2 0 |a ekonomika ekologická 
610 2 0 |a rozvoj trvalo udržateľný 
610 2 0 |a zmeny klimatické 
610 2 0 |a politika environmentálna 
610 2 0 |a politika ekologická 
100 1 |a Bluffstone, Randall